000 00844nam a22002057a 4500
005 20250929110758.0
010 _aB-774777-794 20BACCHEN25
020 _c399.00
_a9789357319140
035 _aB-774777-794
037 _bAakar Books
082 _21
_a000
245 _aHachette Children's Yearbook & Infopedia 2025/
250 _a1
260 _c2025
_aGurugram
_bHachette Book Publishing Pvt Ltd
270 _a4th & 5th Floors, Corporate Centre, Plot No. 94, Sector 44
_bGurugram
_e122003
300 _a224p.
_c22cm.(pb)
500 _aINDIA'S FIRST EVER CHILDREN'S YEARBOOK 16th UPDATED EDITION
942 _2ddc
_cCH
_h000
_kHAC
_e1
999 _c209704
_d209704